Statistics for Highest grossing film franchises

Click here to take the quiz!

General Stats

  • This quiz has been taken 94 times
    (53 since last reset)
  • The average score is 24 of 50

Answer Stats

Number of FilmsFilm Franchise% Correct
24James Bond
95%
8Harry Potter
90%
7Star Wars
90%
8Batman
83%
4Spider-man
83%
6Tolkien's Middle-Earth
80%
6Superman
78%
3Toy Story
78%
3Jurassic Park
73%
12Star Trek
73%
4Indiana Jones
71%
6X-Men
71%
7Alien
66%
6The Fast and the Furious
66%
5Twilight
66%
3Iron Man
63%
9Marvel Cinematic Universe
63%
5Shrek
63%
4Terminator
61%
6Rocky
59%
4Ice Age
56%
4Mission: Impossible
56%
4Pirates of the Caribbean
56%
4Bourne
51%
3Madagascar
51%
5Die Hard
49%
4Transformers
44%
3Men In Black
39%
3The Matrix
39%
2Despicable Me
37%
3Back to the Future
34%
2The Hunger Games
34%
7Saw
32%
3The Hangover
32%
3Beverly Hills Cop
29%
7Planet of the Apes
29%
5Scary Movie
29%
3The Chronicles of Narnia
29%
3Home Alone
27%
5Jack Ryan
27%
4Lethal Weapon
27%
5The Karate Kid
24%
4The Mummy
24%
3Fockers
22%
3Rush Hour
22%
3Austin Powers
17%
4Alvin and the Chipmunks
15%
5Hannibal Lecter
10%
2Night at the Museum
10%
3Ocean's 11
10%

Score Distribution

Percentile by Number Answered

Percent of People with Each Score

Your Score History

You have not taken this quiz since the last reset